=LDR 00000nam 2200000 4500 =001 NUTBA000000000002456 =005 20140617103331.0 =006 =007 =008 =020 ##$$a 978-602-96535-5-1 =035 ##$$0010-061400000000399 =040 ##$$a NBPDMAT =082 ##$$a 635 =090 ##$$a 635 $b Dud p =100 ##$$a Dudy S.Tafayani =245 ##$$a Panduan komplit bertanam sayur dan buah-buahan / $c Dudy S.Tafayani =260 ##$$a Jakarta : $b Cahaya Atma, $c 2011 =300 ##$$a vii, 110 hlm. : $b ilus. ; $c 21 cm. =650 ##$$a Sayur dan Buah =850 ##$$a NBPDMAT =990 ##$$a 21403512 =990 ##$$a 0001/BPAP-NTB/20142014 =990 ##$$a 0001/BPAP-NTB/20142015 =990 ##$$a 0001/BPAP-NTB/20142015 =990 ##$$a 0001/BPAP-NTB/20142015 =990 ##$$a 0001/BPAP-NTB/2016